000 00384nam a2200145Ia 4500
008 230411s9999 xx 000 0 und d
020 _a978-93-5152-900-2
041 _aeng
082 _aP/610.7362/BAS/B08104
100 _aBasavanthppa BT
_9179821
245 _aChild Health Nursing
260 _bJaypee Brothers
_aNew Delhi
_c2015
300 _a1048p
999 _c157997
_d157997